000 00528nam a2200193Ia 4500
005 20260120131206.0
008 008 260114s9999 xx 000 0 eng d
020 _a9780191748080
037 _aEBOOK
040 _aCRL
_beng
_cCRL
041 _aeng
_2eng
084 _qCRL
100 _aKhaitan
_9924042
245 2 _aA Theory of Discrimination Law
260 _bOxford University PressOxford University Press
_c2015
856 _uhttps://academic.oup.com/book/10164
942 _cEBOOK
999 _c1515956
_d1515956